Statistieken voor Raad Het Lied Zonder Hints

Klik hier om de quiz te nemen!

Algemene statistieken

  • Deze quiz is 98 keer genomen
  • De gemiddelde score is 71 van 189

Antwoordstatistieken

Antwoord% Correct
Ik
84%
ik
84%
de
80%
het
77%
t
75%
we
70%
me
66%
ben
64%
jou
63%
je
59%
Je
59%
Jij
58%
en
56%
En
56%
niet
53%
wil
52%
dat
50%
te
50%
zijn.
50%
zijn
50%
op
48%
zo
47%
Zo
47%
is
45%
bij
44%
Maar
44%
maar
44%
van
44%
gaat
41%
om
39%
Om
39%
waar
39%
ken
38%
liefde
33%
met
33%
Ja
28%
als
25%
Laat
25%
bent
23%
hoe
22%
door
20%
samen
20%
dit
19%
gek
19%
nacht
19%
Omdat
17%
schat
17%
waarom
17%
altijd
16%
kijk
16%
verdwijnt
16%
vluchtstrook
16%
vuur
16%
wegloopt
16%
Honderddertig
14%
loopt
14%
mezelf
14%
veel
14%
echt
13%
heen
13%
rook
13%
weer
13%
mist
11%
vraagt
11%
weten
11%
Zolang
9%
kwijt
8%
ontwijk
8%
rent
8%
dacht
6%
echte
6%
last
6%
rondjes
6%
bestaat
5%
dicht
5%
klap
5%
luister.
5%
niks
5%
omdraai
5%
pas
5%
raak
5%
verblind
5%
voordat
5%
bedriegt
3%
bellen
3%
Cupido
3%
frustratie
3%
gone
3%
hyperventilatie
3%
liever
3%
omsingelt
3%
schiet
3%
schijn
3%
wanhoop
3%
ZSM
3%

Scoreverdeling

Percentiel versus Aantal Correcte Antwoorden

Procent van Mensen met Elke Score

Uw Scoregeschiedenis

U heeft deze quiz nog niet genomen